| 000 | 00438nam a2200157Ia 4500 | ||
|---|---|---|---|
| 008 | 160316s1998 xxu||||| |||| 00| 0 eng d | ||
| 082 |
_a333.910000 _bIND |
||
| 100 | _a | ||
| 245 | _aBackground material for guidelines to national wetlands strategy | ||
| 250 | _a | ||
| 260 |
_aMumbai _bIndira Gandhi Institute of Development Research _c1998 |
||
| 300 |
_a46 _b _c |
||
| 365 | _b | ||
| 650 | _a1. Wetlands - conservation | ||
| 700 |
_a _a |
||
| 999 |
_c39770 _d39770 |
||